| 000 | 005170000a22001810004500 | ||
|---|---|---|---|
| 003 | MACL | ||
| 005 | 20151212172216.0 | ||
| 008 | 151212b xxu||||| |||| 00| 0 eng d | ||
| 040 |
_aMACL _cMACL |
||
| 041 | _aHindi | ||
| 082 | _a741.642 | ||
| 100 |
_aखलील जिब्रान _920121 |
||
| 245 | _aमंदिर के दार पर | ||
| 260 |
_bशिक्षा निकेतन _c2012 |
||
| 350 | _a225 | ||
| 650 |
_aचिल्डन बुक _9314 |
||
| 942 |
_cHIN _k891.433/ZIB/S _2ddc |
||
| 999 |
_c48014 _d48014 |
||